Loreto College Library, Kolkata
WEBOPAC (ONLINE PUBLIC ACCESS CATALOGUE)

Rethinking expectations (Record no. 39423)

MARC details
000 -LEADER
fixed length control field 00620nam a22002057a 4500
005 - DATE AND TIME OF LATEST TRANSACTION
control field 20230426102447.0
008 - FIXED-LENGTH DATA ELEMENTS--GENERAL INFORMATION
fixed length control field 140730b xxu||||| |||| 00| 0 eng d
020 ## - ISBN | অাই এস বি এন
ISBN | অাই এস বি এন 9780691155234
PRICE 3227.40
040 ## - CATALOGING SOURCE
Original cataloging agency Loreto College
082 ## - DDC | ডিউই
Classification number | বর্গসংখ্যা 339
Book Number | গ্রন্থাঙ্ক FRY
245 ## - TITLE STATEMENT | অাখ্যা বিবরণী
Title | অাখ্যা Rethinking expectations
Sub title | উপঅাখ্যা The way forward for Macroeconomics
Statement of responsibility | লেখকের দায়িত্বের বিবরণ Edited by Roman Frydman and Edmund S.Phelps
260 ## - IMPRINT | প্রকাশনা ক্ষেত্র
Place of publication | প্রকাশ স্থান New Jersey
Name of publisher | প্রকাশকের নাম Princeton University Press
Date of publication | প্রকাশ কাল 2013
300 ## - PHYSICAL DESCRIPTION |
Page / Vol. No | পৃষ্ঠা / খন্ড সংখ্যা vi,432p
Other physical details | অনান্য বাহ্যিক বিবরণ 22cm
504 ## - BIBLIOGRAPHY, ETC. NOTE
Bibliography, etc Includes incex
650 ## - SUBJECT ADDED ENTRY--TOPICAL TERM | বিষয় শিরোনাম - মূল বিষয়
Topical term | মূল বিষয় Macroeconomics
700 ## - ADDED ENTRY--PERSONAL NAME | অতিরিক্ত সংলেখ - ব্
Relator code | দায়িত্ব নির্দেশক ed.
Personal name | ব্যাক্তিনাম Frydman,Roman
700 ## - ADDED ENTRY--PERSONAL NAME | অতিরিক্ত সংলেখ - ব্
Relator code | দায়িত্ব নির্দেশক ed.
Personal name | ব্যাক্তিনাম Phelps,Edmund S.
850 ## - HOLDING INSTITUTION
Holding institution LCLIB
942 ## - ADDED ENTRY ELEMENTS (KOHA)
Koha item type Books
Holdings
Withdrawn status Lost status Source of classification Damaged status Not for loan Home library Current library Date acquired Price Total Checkouts Full call number Accession No. Date last seen Price effective from Koha item type
    Dewey Decimal Classification     Loreto College Loreto College 30/07/2014 3227.40   339 FRY 50402 42891 30/07/2014 30/07/2014 Books